[Event "Alpenpokal op 28th"]
[Site "Oberstdorf"]
[Date "2002.??.??"]
[Round "9"]
[White "Braunstein, Richard"]
[Black "Dittler, Volkfried"]
[Result "1/2-1/2"]
[WhiteElo "1566"]
[BlackElo "1623"]
[PlyCount "131"]
[EventDate "2002.01.12"]
[EventType "swiss"]
[EventRounds "9"]
[EventCountry "GER"]
[SourceTitle "EXT 2003"]
[Source "ChessBase"]
[SourceDate "2002.11.25"]
[SourceVersion "1"]
[SourceVersionDate "2002.11.25"]
[SourceQuality "1"]

1. e4 e5 2. Nf3 Nf6 3. Nc3 Nc6 4. d4 exd4 5. Nxd4 Nxd4 6. Qxd4 b6 7. Bg5 Be7 8. Nd5 Bb7 9. Bxf6 gxf6 10. 0-0-0 Bxd5 11. exd5 Bc5 12. Re1+ Kf8 13. Qh4 h6 14. Bc4 f5 15. Qf4 Qg5 16. Qxg5 hxg5 17. Re5 Rh4 18. Bb3 Rf4 19. f3 Kg7 20. h3 Bd6 21. Re2 Rd4 22. c3 Rh4 23. Bc2 Kf6 24. Kd1 Bg3 25. Rf1 Rah8 26. Kd2 Rf4 27. Rd1 g4 28. fxg4 fxg4 29. hxg4 Rxg4 30. Be4 Bf4+ 31. Kd3 Rhh4 32. b3 Kg5 33. Rf1 f5 34. Bf3 Rg3 35. Re7 Rh2 36. Rg7+ Kf6 37. Rxg3 Bxg3 38. Be4 f4 39. Bf3 Rh8 40. c4 Ke5 41. Rd1 Bf2 42. Ke2 Be3 43. Rd3 Bc5 44. Rd1 a5 45. a4 Be3 46. Rd3 Rh1 47. Rd1 Rxd1 48. Kxd1 Kd4 49. Kc2 d6 50. Be2 Bf2 51. Bf3 Ke3 52. Bh5 Bh4 53. Bf3 Bf6 54. Bh5 Bg5 55. Bf3 Kf2 56. Kd3 Bf6 57. Be4 Bb2 58. Bf3 Ba3 59. Be4 Ke1 60. Bf3 Bb4 61. Be4 Kd1 62. Bf3+ Kc1 63. Be4 Kb2 64. Bf3 Kxb3 65. Bd1+ Ka3 66. Bc2 1/2-1/2

[Event "Alpenpokal op 28th"]
[Site "Oberstdorf"]
[Date "2002.??.??"]
[Round "5"]
[White "Braunstein, Richard"]
[Black "Spurga, Josef"]
[Result "0-1"]
[WhiteElo "1566"]
[BlackElo "1899"]
[PlyCount "54"]
[EventDate "2002.01.12"]
[EventType "swiss"]
[EventRounds "9"]
[EventCountry "GER"]
[SourceTitle "EXT 2003"]
[Source "ChessBase"]
[SourceDate "2002.11.25"]
[SourceVersion "1"]
[SourceVersionDate "2002.11.25"]
[SourceQuality "1"]

1. e4 c5 2. Nf3 e6 3. d4 cxd4 4. Nxd4 Nf6 5. Bd3 a6 6. 0-0 Qc7 7. Nc3 b5 8. Re1 d6 9. Nf3 Nbd7 10. Bg5 Be7 11. Qe2 Bb7 12. e5 dxe5 13. Nxe5 Nxe5 14. Qxe5 Qxe5 15. Rxe5 Nd7 16. Bf4 Nxe5 17. Bxe5 0-0 18. Rd1 Rac8 19. Ne4 Rfd8 20. Ng3 f6 21. Bf4 e5 22. Nf5 Bf8 23. Bg3 Be4 24. Ne3 Bxd3 25. cxd3 Bc5 26. Kf1 Bd4 27. Nf5 Rc2 0-1